Дело о представлении в хозяйственный отдел Кабинета его величества императора сметы расходов Экспедиции церемониальных дел на 18...

Доступно только в Электронных читальных залах Найти на картеНа карте
RUSMARC
00003594nmc2a22002413x 450
00192c43e98-b499-40cb-b78f-7c88c4da71c1
00520251029055749.0
100##$a20250527l18951895k l0rusy0189 ca
1010#$arus
102##$aRU
105##$ay###
1222#$ad
2001#$aДело о представлении в хозяйственный отдел Кабинета его величества императора сметы расходов Экспедиции церемониальных дел на 1896 год
$j1895 г.
215##$a8 л.
$d36,5х26 см
251##$cДело
300##$aНа обложке указано: "Экспедиции церемониальных дел; №52"
371##$aДокумент не является опубликованным и широко распространяемым
461#0$10011beca410-31e9-4f28-916a-592ca9443f69
$12001
$aЦеремониальная часть Министерства императорского двора
$1251
$cФонд
$1852
$j473
462#0$1001a54d7da2-27dc-4d4e-832c-8830aaafd738
$12001
$aЦеремониальная часть Министерства императорского двора
$1251
$cОпись
$1852
$j3
801#0$aRU
$bРГИА
$c20250527
$gRCR
801#1$aRU
$bГлавНИВЦ
$c20250527
$2rusmarc
801#2$aRU
$bПБ им. Б.Н. Ельцина
$c20251029
$gRCR
$2rusmarc
850##$aРГИА
852##$aРГИА
$eФедеральное казенное учреждение "Российский государственный исторический архив" (РГИА)
$j445
937##$hРГИА
$d12424537
$aASBIBLIO_SCAN
035##$aRusGRCC00086516
856##$uhttp://readingroom.main.prlib.ru/item.aspx?id_node=n198748433&mode=full
Формат отображения